[Event "Moscow Rapid Chess Cup 2018"]
[Site "?"]
[Date "2018.12.09"]
[Round "7.3"]
[White "Golubov, Saveliy"]
[Black "Yeletsky, Ivan"]
[Result "1-0"]
[BlackElo "2294"]
[WhiteElo "2542"]
[LiveChessVersion "1.4.8"]

1. e4 {[%clk 0:15:18]} c5 {[%clk 0:15:17]} 2. Nc3 {[%clk 0:15:17]} d6
{[%clk 0:15:24]} 3. d4 {[%clk 0:15:25]} cxd4 {[%clk 0:15:32]} 4. Qxd4
{[%clk 0:15:34]} Nc6 {[%clk 0:15:40]} 5. Qd2 {[%clk 0:15:43]} g6 {[%clk 0:15:49]}
6. b3 {[%clk 0:15:22]} Bh6 {[%clk 0:15:57]} 7. f4 {[%clk 0:15:04]} Nf6
{[%clk 0:16:05]} 8. Bb2 {[%clk 0:14:02]} O-O {[%clk 0:15:51]} 9. O-O-O
{[%clk 0:13:42]} a5 {[%clk 0:15:36]} 10. Bb5 {[%clk 0:12:38]} Qb6
{[%clk 0:13:31]} 11. Ba4 {[%clk 0:12:07]} Bg4 {[%clk 0:12:12]} 12. Nf3
{[%clk 0:10:33]} Qc5 {[%clk 0:09:30]} 13. Kb1 {[%clk 0:07:11]} Rab8
{[%clk 0:06:41]} 14. Bxc6 {[%clk 0:05:56]} bxc6 {[%clk 0:05:52]} 15. h3
{[%clk 0:06:05]} Bxf3 16. gxf3 {[%clk 0:06:14]} Nh5 {[%clk 0:04:31]} 17. Ne2
{[%clk 0:04:05]} a4 {[%clk 0:04:13]} 18. Rhg1 {[%clk 0:03:15]} Qf2
{[%clk 0:02:45]} 19. Rdf1 {[%clk 0:02:21]} Qa7 {[%clk 0:01:49]} 20. Qc3
{[%clk 0:00:49]} Bg7 {[%clk 0:01:53]} 21. e5 {[%clk 0:00:58]} axb3
{[%clk 0:01:38]} 22. cxb3 {[%clk 0:01:07]} Ra8 23. a3 {[%clk 0:00:45]} Qa6
{[%clk 0:01:29]} 24. Qc4 {[%clk 0:00:45]} Qxc4 25. bxc4 {[%clk 0:00:55]} Rfb8
{[%clk 0:01:10]} 26. Ka2 {[%clk 0:00:37]} Ra4 {[%clk 0:00:44]} 27. Rc1
{[%clk 0:00:46]} Bh6 {[%clk 0:00:36]} 28. Nd4 {[%clk 0:00:20]} Rc8
{[%clk 0:00:20]} 29. Nf5 {[%clk 0:00:29]} Bf8 {[%clk 0:00:23]} 30. exd6 exd6
{[%clk 0:00:28]} 31. Rg4 {[%clk 0:00:12]} Re8 {[%clk 0:00:22]} 32. Nd4
{[%clk 0:00:18]} c5 {[%clk 0:00:25]} 33. Nb5 {[%clk 0:00:17]} f5 {[%clk 0:00:22]}
34. Rg2 {[%clk 0:00:15]} Nxf4 {[%clk 0:00:31]} 35. Rd2 {[%clk 0:00:25]} Re2
{[%clk 0:00:14]} 36. Rxe2 {[%clk 0:00:17]} Nxe2 {[%clk 0:00:23]} 37. Re1
{[%clk 0:00:27]} Nf4 {[%clk 0:00:30]} 38. Re8 {[%clk 0:00:36]} Kf7
{[%clk 0:00:21]} 39. Rb8 {[%clk 0:00:45]} Rxc4 {[%clk 0:00:14]} 40. Kb3
{[%clk 0:00:51]} d5 {[%clk 0:00:17]} 41. Rb7+ {[%clk 0:00:52]} Ke6
{[%clk 0:00:23]} 42. Rxh7 {[%clk 0:00:54]} Nd3 {[%clk 0:00:21]} 43. Nc7+
{[%clk 0:00:14]} Kd6 {[%clk 0:00:30]} 44. Nb5+ {[%clk 0:00:22]} Kc6
{[%clk 0:00:27]} 45. Na7+ {[%clk 0:00:31]} Kd6 {[%clk 0:00:27]} 46. Bc3
{[%clk 0:00:15]} Nc1+ {[%clk 0:00:20]} 47. Kb2 {[%clk 0:00:25]} d4
{[%clk 0:00:25]} 48. Bd2 {[%clk 0:00:15]} d3 {[%clk 0:00:14]} 49. Bxc1
{[%clk 0:00:21]} Rc2+ {[%clk 0:00:23]} 50. Kb1 {[%clk 0:00:31]} Rf2
{[%clk 0:00:18]} 51. Rf7 {[%clk 0:00:22]} Be7 {[%clk 0:00:15]} 52. Nc8+
{[%clk 0:00:30]} Kd5 {[%clk 0:00:21]} 53. Rxe7 {[%clk 0:00:33]} Rxf3
{[%clk 0:00:18]} 54. Bd2 {[%clk 0:00:30]} f4 {[%clk 0:00:21]} 55. Kb2
{[%clk 0:00:34]} g5 {[%clk 0:00:19]} 56. Rh7 {[%clk 0:00:30]} Kc4
{[%clk 0:00:17]} 57. Nb6+ {[%clk 0:00:38]} Kb5 {[%clk 0:00:26]} 58. Nd7
{[%clk 0:00:47]} Rg3 {[%clk 0:00:14]} 59. Kc3 {[%clk 0:00:44]} f3
{[%clk 0:00:14]} 60. Ne5 {[%clk 0:00:51]} Ka4 {[%clk 0:00:14]} 61. Ra7+
{[%clk 0:00:49]} Kb5 {[%clk 0:00:23]} 62. a4+ {[%clk 0:00:51]} Kb6
{[%clk 0:00:32]} 63. Rf7 {[%clk 0:00:50]} Rxh3 {[%clk 0:00:40]} 64. Rf6+
{[%clk 0:00:59]} Kb7 {[%clk 0:00:44]} 65. Rxf3 {[%clk 0:01:01]} Rh4
{[%clk 0:00:28]} 66. Nc4 {[%clk 0:01:10]} 1-0

[Event "Moscow Rapid Chess Cup 2018"]
[Site "?"]
[Date "2018.12.09"]
[Round "7.5"]
[White "Naumkin, Igor"]
[Black "Dragomarezkij, Evgeni"]
[Result "1/2-1/2"]
[BlackElo "2350"]
[WhiteElo "2410"]
[LiveChessVersion "1.4.8"]

1. d4 {[%clk 0:15:15]} d5 {[%clk 0:15:18]} 2. c4 {[%clk 0:15:23]} dxc4
{[%clk 0:15:23]} 3. Nf3 {[%clk 0:15:31]} Nf6 {[%clk 0:15:27]} 4. e3
{[%clk 0:15:39]} e6 {[%clk 0:15:35]} 5. Bxc4 {[%clk 0:15:48]} c5 {[%clk 0:15:43]}
6. O-O {[%clk 0:15:54]} cxd4 {[%clk 0:15:51]} 7. exd4 {[%clk 0:16:02]} Be7
{[%clk 0:16:00]} 8. Nc3 {[%clk 0:15:59]} O-O {[%clk 0:16:08]} 9. Bg5
{[%clk 0:16:02]} Nbd7 {[%clk 0:16:17]} 10. Qd3 {[%clk 0:15:53]} Nb6
{[%clk 0:16:26]} 11. Bb3 {[%clk 0:15:58]} Bd7 {[%clk 0:16:28]} 12. Ne5
{[%clk 0:15:48]} Bc6 {[%clk 0:16:37]} 13. Bc2 {[%clk 0:14:01]} g6
{[%clk 0:16:39]} 14. Rad1 {[%clk 0:13:25]} Nbd5 {[%clk 0:16:47]} 15. Qh3
{[%clk 0:12:45]} Qd6 {[%clk 0:14:52]} 16. Qh4 {[%clk 0:10:09]} Nh5
{[%clk 0:14:15]} 17. Ne4 {[%clk 0:09:37]} Qd8 {[%clk 0:13:32]} 18. Nxc6
{[%clk 0:08:50]} bxc6 {[%clk 0:13:08]} 19. Bxe7 {[%clk 0:07:46]} Qxe7
{[%clk 0:13:09]} 20. Qxe7 {[%clk 0:07:32]} Nxe7 {[%clk 0:13:17]} 21. g3
{[%clk 0:07:29]} Rfd8 {[%clk 0:13:12]} 22. Rd3 {[%clk 0:07:25]} Rab8
{[%clk 0:12:37]} 23. Rb1 {[%clk 0:07:26]} Rb4 {[%clk 0:12:41]} 24. Ra3
{[%clk 0:07:27]} Nf5 {[%clk 0:12:06]} 25. Rxa7 {[%clk 0:07:05]} Nxd4
{[%clk 0:12:12]} 26. Bd1 {[%clk 0:02:04]} Nb5 {[%clk 0:12:04]} 27. Bxh5
{[%clk 0:01:54]} Nxa7 {[%clk 0:12:01]} 28. Bf3 {[%clk 0:01:59]} Rdd4
{[%clk 0:11:03]} 29. a3 {[%clk 0:01:35]} Rb3 {[%clk 0:09:37]} 30. Kg2
{[%clk 0:01:38]} Nb5 {[%clk 0:08:56]} 31. Nc5 {[%clk 0:01:40]} Rxf3
{[%clk 0:08:03]} 32. Kxf3 {[%clk 0:01:46]} Rc4 {[%clk 0:07:43]} 33. Nd3
{[%clk 0:01:29]} Nd4+ {[%clk 0:07:39]} 34. Ke3 {[%clk 0:01:33]} Nb3
{[%clk 0:07:47]} 35. Rd1 {[%clk 0:01:07]} f6 {[%clk 0:07:28]} 36. Ne1
{[%clk 0:00:57]} e5 {[%clk 0:07:10]} 37. Rd8+ {[%clk 0:00:45]} Kg7
{[%clk 0:07:05]} 38. Rd7+ {[%clk 0:00:54]} Kh6 {[%clk 0:07:01]} 39. Rb7
{[%clk 0:00:51]} Nd4 {[%clk 0:07:04]} 40. Nf3 {[%clk 0:00:50]} Nf5+
{[%clk 0:06:42]} 41. Kd3 {[%clk 0:00:57]} Rc1 {[%clk 0:06:50]} 42. Nd2
{[%clk 0:01:00]} Nd4 {[%clk 0:04:11]} 43. f4 {[%clk 0:01:06]} Rd1
{[%clk 0:04:10]} 44. fxe5 fxe5 {[%clk 0:03:50]} 45. h4 {[%clk 0:00:53]} c5
{[%clk 0:02:46]} 46. g4 {[%clk 0:00:44]} g5 {[%clk 0:01:49]} 47. hxg5+
{[%clk 0:00:43]} Kxg5 {[%clk 0:01:57]} 48. Ke3 {[%clk 0:00:47]} Re1+
{[%clk 0:01:58]} 49. Kd3 {[%clk 0:00:52]} Kxg4 {[%clk 0:01:49]} 50. Rxh7
{[%clk 0:00:47]} Rd1 {[%clk 0:01:56]} 51. Ke3 {[%clk 0:00:40]} Re1+
{[%clk 0:01:56]} 52. Kd3 {[%clk 0:00:47]} Kf4 {[%clk 0:01:51]} 53. Rf7+
{[%clk 0:00:54]} Nf5 {[%clk 0:01:56]} 54. Kc4 {[%clk 0:00:36]} Rd1
{[%clk 0:01:50]} 55. Nb3 {[%clk 0:00:39]} e4 {[%clk 0:01:51]} 56. Nxc5 e3
{[%clk 0:01:47]} 57. Nd3+ {[%clk 0:00:33]} Ke4 {[%clk 0:01:35]} 58. Rf6
{[%clk 0:00:23]} e2 {[%clk 0:01:22]} 59. Re6+ {[%clk 0:00:15]} Kf3
{[%clk 0:01:31]} 60. Ne5+ {[%clk 0:00:14]} Kg2 {[%clk 0:01:21]} 61. Nd3
{[%clk 0:00:17]} Kf3 {[%clk 0:00:54]} 62. Ne5+ {[%clk 0:00:26]} Kg2
{[%clk 0:01:02]} 63. Nd3 {[%clk 0:00:34]} Kf1 64. Rf6 Rxd3 65. Rxf5+ Kg2 66. Re5
Rd2 67. Kc3 1/2-1/2

[Event "Moscow Rapid Chess Cup 2018"]
[Site "?"]
[Date "2018.12.09"]
[Round "7.7"]
[White "Ulko, Jaroslav"]
[Black "Dudin, Gleb"]
[Result "0-1"]
[BlackElo "2159"]
[WhiteElo "2424"]
[LiveChessVersion "1.4.8"]

1. Nf3 {[%clk 0:15:17]} Nf6 {[%clk 0:15:15]} 2. c4 {[%clk 0:15:25]} e6
{[%clk 0:15:11]} 3. Nc3 {[%clk 0:15:30]} d5 {[%clk 0:15:14]} 4. d4
{[%clk 0:15:38]} Be7 {[%clk 0:15:01]} 5. Bg5 {[%clk 0:15:45]} O-O
{[%clk 0:14:57]} 6. e3 {[%clk 0:15:53]} h6 {[%clk 0:15:01]} 7. Bxf6 Bxf6
{[%clk 0:15:06]} 8. Qc2 {[%clk 0:16:04]} c6 {[%clk 0:14:46]} 9. h4
{[%clk 0:15:58]} g6 {[%clk 0:13:38]} 10. O-O-O {[%clk 0:15:39]} Nd7
{[%clk 0:12:32]} 11. Kb1 {[%clk 0:15:33]} a6 {[%clk 0:11:55]} 12. e4
{[%clk 0:13:00]} dxc4 {[%clk 0:07:42]} 13. e5 {[%clk 0:07:05]} Be7
{[%clk 0:06:48]} 14. Bxc4 {[%clk 0:06:45]} b5 {[%clk 0:05:02]} 15. Bxe6
{[%clk 0:06:35]} Kg7 {[%clk 0:04:33]} 16. h5 {[%clk 0:04:44]} Nb6
{[%clk 0:02:45]} 17. Bxc8 {[%clk 0:04:12]} Qxc8 {[%clk 0:02:34]} 18. d5
{[%clk 0:01:42]} cxd5 {[%clk 0:01:48]} 19. Nxd5 {[%clk 0:01:40]} Qxc2+
{[%clk 0:01:00]} 20. Kxc2 {[%clk 0:01:49]} Bc5 {[%clk 0:00:58]} 21. hxg6 Rac8
{[%clk 0:00:19]} 22. Nxb6 {[%clk 0:01:29]} Bxb6+ {[%clk 0:00:25]} 23. Kb1
{[%clk 0:01:37]} fxg6 {[%clk 0:00:12]} 24. Rd7+ {[%clk 0:01:45]} Rf7
{[%clk 0:00:19]} 25. e6 {[%clk 0:00:13]} Rxd7 {[%clk 0:00:22]} 26. exd7
{[%clk 0:00:23]} Rb8 {[%clk 0:00:12]} 27. Ne5 {[%clk 0:00:21]} Bc7
{[%clk 0:00:12]} 28. Nc6 {[%clk 0:00:29]} Rb6 {[%clk 0:00:14]} 29. Rc1
{[%clk 0:00:35]} Kf6 {[%clk 0:00:12]} 0-1

[Event "Moscow Rapid Chess Cup 2018"]
[Site "?"]
[Date "2018.12.09"]
[Round "8.3"]
[White "Sychev, Klementy"]
[Black "Dvalishvili, Pavel S."]
[Result "1-0"]
[BlackElo "2404"]
[WhiteElo "2544"]
[LiveChessVersion "1.4.8"]

1. e4 {[%clk 0:15:19]} c5 {[%clk 0:15:16]} 2. Nf3 {[%clk 0:15:28]} d6
{[%clk 0:15:25]} 3. d4 {[%clk 0:15:36]} cxd4 {[%clk 0:15:34]} 4. Nxd4
{[%clk 0:15:44]} Nf6 {[%clk 0:15:43]} 5. Nc3 {[%clk 0:15:53]} a6 {[%clk 0:15:47]}
6. Bg5 {[%clk 0:16:01]} Nbd7 {[%clk 0:15:54]} 7. Bc4 {[%clk 0:16:05]} Qc7
{[%clk 0:16:01]} 8. Bb3 {[%clk 0:14:22]} h6 {[%clk 0:15:57]} 9. Bxf6
{[%clk 0:12:28]} Nxf6 {[%clk 0:16:06]} 10. Qe2 {[%clk 0:12:37]} e6
{[%clk 0:16:02]} 11. O-O-O {[%clk 0:12:24]} Be7 {[%clk 0:16:09]} 12. f4
{[%clk 0:12:31]} b5 {[%clk 0:14:44]} 13. e5 {[%clk 0:12:22]} dxe5
{[%clk 0:14:39]} 14. fxe5 {[%clk 0:12:26]} Nh7 {[%clk 0:14:35]} 15. h4
{[%clk 0:08:06]} O-O {[%clk 0:14:35]} 16. Qe3 {[%clk 0:04:46]} Bb7
{[%clk 0:14:22]} 17. Nxe6 {[%clk 0:03:38]} fxe6 {[%clk 0:14:30]} 18. Bxe6+
{[%clk 0:03:47]} Kh8 {[%clk 0:14:38]} 19. Rd7 {[%clk 0:03:56]} Qc6
{[%clk 0:14:06]} 20. Rxe7 {[%clk 0:03:59]} Qxg2 {[%clk 0:14:13]} 21. Re1
{[%clk 0:03:20]} Rad8 {[%clk 0:13:45]} 22. Bh3 {[%clk 0:02:54]} Qc6
{[%clk 0:13:39]} 23. Qg3 {[%clk 0:02:50]} g5 {[%clk 0:13:13]} 1-0

[Event "Moscow Rapid Chess Cup 2018"]
[Site "?"]
[Date "2018.12.09"]
[Round "8.5"]
[White "Gorbatov, Alexej"]
[Black "Ulko, Jaroslav"]
[Result "0-1"]
[BlackElo "2424"]
[WhiteElo "2267"]
[LiveChessVersion "1.4.8"]

1. e4 {[%clk 0:15:18]} c6 {[%clk 0:15:04]} 2. Nc3 {[%clk 0:15:22]} d5
{[%clk 0:15:11]} 3. Qf3 {[%clk 0:15:31]} d4 {[%clk 0:10:34]} 4. Bc4
{[%clk 0:15:39]} e6 {[%clk 0:10:25]} 5. Nce2 {[%clk 0:15:45]} Nf6
{[%clk 0:07:41]} 6. e5 {[%clk 0:14:11]} Nfd7 {[%clk 0:07:49]} 7. Qg3
{[%clk 0:14:19]} b5 {[%clk 0:07:42]} 8. Bb3 {[%clk 0:14:03]} Nc5 {[%clk 0:07:34]}
9. d3 {[%clk 0:13:59]} a5 {[%clk 0:07:32]} 10. a3 {[%clk 0:14:07]} Nxb3
{[%clk 0:06:24]} 11. cxb3 {[%clk 0:14:15]} c5 {[%clk 0:05:42]} 12. Nf3
{[%clk 0:14:12]} Bb7 {[%clk 0:05:51]} 13. O-O {[%clk 0:12:43]} Nc6
{[%clk 0:06:00]} 14. Nf4 {[%clk 0:12:34]} Ne7 {[%clk 0:06:05]} 15. Nh5
{[%clk 0:12:26]} Nf5 {[%clk 0:05:52]} 16. Qg4 {[%clk 0:12:33]} Qd5
{[%clk 0:05:35]} 17. Bg5 {[%clk 0:11:31]} Qxb3 18. Rad1 {[%clk 0:09:05]} h6
{[%clk 0:04:46]} 19. Bc1 O-O-O 20. a4 {[%clk 0:07:17]} b4 {[%clk 0:04:04]} 21.
Rfe1 {[%clk 0:06:55]} Qxa4 {[%clk 0:04:02]} 22. Nd2 {[%clk 0:07:03]} Qb5
{[%clk 0:02:50]} 23. Nc4 {[%clk 0:07:09]} a4 {[%clk 0:02:17]} 24. Bd2
{[%clk 0:07:07]} Bd5 {[%clk 0:02:19]} 25. Ra1 {[%clk 0:07:00]} Bxc4
{[%clk 0:01:27]} 26. dxc4 {[%clk 0:07:08]} Qc6 {[%clk 0:01:36]} 27. Nf4
{[%clk 0:05:58]} Be7 {[%clk 0:01:42]} 28. Nd3 {[%clk 0:06:07]} Kb7
{[%clk 0:01:40]} 29. Rec1 {[%clk 0:04:44]} h5 {[%clk 0:01:21]} 30. Qe2
{[%clk 0:04:52]} g5 {[%clk 0:01:16]} 31. Qe1 {[%clk 0:04:44]} g4 {[%clk 0:01:13]}
32. Bxb4 {[%clk 0:03:21]} Nh4 {[%clk 0:01:13]} 33. Qf1 {[%clk 0:03:20]} cxb4
{[%clk 0:01:15]} 34. c5 {[%clk 0:03:29]} Qb5 {[%clk 0:00:58]} 35. c6+
{[%clk 0:03:36]} Kc7 {[%clk 0:01:05]} 36. Qd1 {[%clk 0:03:30]} Ra8
{[%clk 0:00:56]} 37. Qd2 {[%clk 0:03:30]} Rhg8 {[%clk 0:00:53]} 38. Qf4
{[%clk 0:03:15]} Qd5 {[%clk 0:00:43]} 39. Ne1 {[%clk 0:03:19]} Rg7
{[%clk 0:00:48]} 40. Qh6 {[%clk 0:03:12]} Qxe5 {[%clk 0:00:28]} 41. Nd3
{[%clk 0:03:01]} Qg5 {[%clk 0:00:34]} 42. Qxg5 {[%clk 0:03:05]} Rxg5
{[%clk 0:00:43]} 43. Rc4 {[%clk 0:03:09]} Rd5 {[%clk 0:00:36]} 44. Kf1
{[%clk 0:03:15]} Nf5 {[%clk 0:00:45]} 45. Nxb4 {[%clk 0:03:22]} Bxb4
{[%clk 0:00:54]} 46. Rxb4 {[%clk 0:03:31]} Kxc6 {[%clk 0:01:01]} 47. Rbxa4
{[%clk 0:03:34]} Rxa4 {[%clk 0:01:10]} 48. Rxa4 {[%clk 0:03:44]} Rb5
{[%clk 0:01:15]} 0-1

[Event "Moscow Rapid Chess Cup 2018"]
[Site "?"]
[Date "2018.12.09"]
[Round "8.6"]
[White "Tsvetkov, Andrey"]
[Black "Naumkin, Igor"]
[Result "1/2-1/2"]
[BlackElo "2410"]
[WhiteElo "2225"]
[LiveChessVersion "1.4.8"]

1. d4 Nf6 2. c4 e6 3. Nc3 Bb4 4. e3 c5 5. Nge2 cxd4 6. exd4 O-O 7. a3 Be7 8. Nf4
d5 9. cxd5 Nxd5 10. Ncxd5 exd5 11. Bd3 Nc6 12. O-O Bf6 13. Be3 g6 14. Rc1 Be6 15.
b4 a6 16. Bxa6 Qb6 17. Be2 Rxa3 18. Rc5 Rd8 19. b5 Ne7 20. Nxe6 Qxe6 21. Bg4 Qe4
22. Bf3 Qd3 23. Qxd3 Rxd3 24. Rd1 Rxd1+ 25. Bxd1 Nf5 26. Bf3 Bxd4 27. Rxd5 Rxd5
28. Bxd5 Bxe3 29. fxe3 b6 30. Kf2 Kf8 31. Bc6 Nd6 32. e4 Nc4 33. Bd5 Ne5 34. h3
Ke7 35. Ke3 g5 36. g3 Kd6 37. h4 h6 38. hxg5 hxg5 39. Kd4 f6 40. Bg8 Nf3+ 41. Ke3
Nh2 42. Bc4 Ng4+ 43. Kd4 Ne5 44. Be2 Nd7 45. Bc4 Nc5 46. Bd5 Nd7 47. Bc4 Ne5 48.
Be2 Ng6 49. Bc4 Nf8 50. Bd5 Ne6+ 51. Ke3 Nc7 52. Bc6 Ke5 53. Bd7 Kd6 54. Bc6 Kc5
55. Bd7 Nxb5 56. e5 Nc7 57. Ke4 Nd5 58. Kf5 fxe5 59. Kxe5 Ne3 60. Ke4 Nc4 61. Kf5
g4 62. Kf4 Kd4 63. Bxg4 b5 64. Bd1 b4 65. g4 Nb2 66. Bb3 Nd3+ 67. Kf5 Nc5 68. g5
Nxb3 69. g6 Kc3 70. g7 Nd4+ 71. Ke4 b3 72. g8=Q b2 73. Qa2 Nb3 74. Ke3 Kc2 75.
Ke4 Kc1 76. Qa3 Kc2 77. Qa2 Kc1 78. Qa3 Kc2 79. Qa2 Kc1 80. Qa3 Kc2 1/2-1/2

[Event "Moscow Rapid Chess Cup 2018"]
[Site "?"]
[Date "2018.12.09"]
[Round "9.2"]
[White "Gurvich, Vitaly"]
[Black "Sychev, Klementy"]
[Result "0-1"]
[BlackElo "2544"]
[WhiteElo "2255"]
[LiveChessVersion "1.4.8"]

1. d4 {[%clk 0:15:18]} e6 {[%clk 0:15:03]} 2. c4 {[%clk 0:15:25]} f5
{[%clk 0:15:11]} 3. g3 {[%clk 0:15:31]} Nf6 {[%clk 0:15:19]} 4. Bg2
{[%clk 0:15:39]} Be7 {[%clk 0:15:27]} 5. Nf3 {[%clk 0:15:46]} O-O
{[%clk 0:15:32]} 6. Nc3 {[%clk 0:15:45]} d6 {[%clk 0:15:37]} 7. Qc2
{[%clk 0:15:48]} a5 {[%clk 0:14:01]} 8. e4 {[%clk 0:15:35]} fxe4 {[%clk 0:13:38]}
9. Nxe4 {[%clk 0:15:40]} Nc6 {[%clk 0:13:41]} 10. O-O {[%clk 0:13:57]} Nxe4
{[%clk 0:12:17]} 11. Qxe4 {[%clk 0:14:04]} Bf6 {[%clk 0:11:43]} 12. Be3
{[%clk 0:13:26]} Bd7 {[%clk 0:08:04]} 13. h4 {[%clk 0:12:05]} h6 {[%clk 0:07:37]}
14. Rac1 {[%clk 0:09:25]} Qc8 {[%clk 0:07:35]} 15. Rfe1 {[%clk 0:06:50]} e5
{[%clk 0:06:28]} 16. dxe5 {[%clk 0:06:29]} dxe5 {[%clk 0:06:35]} 17. Nd2
{[%clk 0:05:07]} Bf5 {[%clk 0:06:36]} 18. Qd5+ {[%clk 0:05:14]} Kh8
{[%clk 0:06:39]} 19. a3 {[%clk 0:03:14]} a4 {[%clk 0:06:39]} 20. c5
{[%clk 0:02:33]} Be6 {[%clk 0:05:26]} 21. Qe4 {[%clk 0:02:35]} Qd7
{[%clk 0:04:00]} 22. Qc2 {[%clk 0:02:26]} Qf7 {[%clk 0:03:43]} 23. Ne4
{[%clk 0:02:17]} Be7 {[%clk 0:03:46]} 24. Qe2 {[%clk 0:02:12]} Bd5
{[%clk 0:03:17]} 25. Red1 {[%clk 0:01:39]} Rad8 {[%clk 0:02:51]} 26. Rd2
{[%clk 0:01:42]} Na5 {[%clk 0:02:51]} 27. Rdd1 {[%clk 0:01:16]} Nb3
{[%clk 0:02:44]} 28. Rc3 {[%clk 0:01:18]} c6 {[%clk 0:02:47]} 29. Qe1
{[%clk 0:00:14]} Qg6 {[%clk 0:02:44]} 30. f3 {[%clk 0:00:19]} Bxe4
{[%clk 0:02:28]} 31. Rxd8 {[%clk 0:00:28]} Bxd8 {[%clk 0:02:35]} 32. fxe4
{[%clk 0:00:34]} Ba5 {[%clk 0:02:44]} 33. Bf2 {[%clk 0:00:23]} Nd4
{[%clk 0:02:41]} 34. Qd1 {[%clk 0:00:20]} Bxc3 {[%clk 0:02:30]} 35. bxc3
{[%clk 0:00:29]} Nb5 {[%clk 0:02:38]} 36. Qxa4 {[%clk 0:00:18]} Nxc3
{[%clk 0:02:39]} 37. Qb3 {[%clk 0:00:15]} Ne2+ {[%clk 0:02:42]} 38. Kf1
{[%clk 0:00:22]} Nxg3+ {[%clk 0:02:49]} 39. Ke1 {[%clk 0:00:32]} Nxe4
{[%clk 0:02:51]} 40. Bxe4 {[%clk 0:00:32]} Qxe4+ {[%clk 0:02:59]} 41. Be3
{[%clk 0:00:42]} Rf3 {[%clk 0:03:01]} 42. Ke2 {[%clk 0:00:46]} Rh3
{[%clk 0:03:08]} 43. Kd2 {[%clk 0:00:32]} Rh2+ {[%clk 0:02:48]} 44. Kc1
{[%clk 0:00:41]} Qh1+ {[%clk 0:02:54]} 45. Qd1 {[%clk 0:00:50]} Qxd1+
{[%clk 0:02:58]} 46. Kxd1 {[%clk 0:00:59]} Rxh4 {[%clk 0:03:07]} 0-1

[Event "Moscow Rapid Chess Cup 2018"]
[Site "?"]
[Date "2018.12.09"]
[Round "10.2"]
[White "Naumkin, Igor"]
[Black "Shinkevich, Vitaly"]
[Result "0-1"]
[BlackElo "2545"]
[WhiteElo "2410"]
[LiveChessVersion "1.4.8"]

1. d4 {[%clk 0:15:17]} Nf6 {[%clk 0:15:19]} 2. c4 {[%clk 0:15:25]} g6
{[%clk 0:15:27]} 3. Nc3 {[%clk 0:15:33]} d5 {[%clk 0:15:29]} 4. Nf3
{[%clk 0:15:40]} Bg7 {[%clk 0:15:37]} 5. Qa4+ {[%clk 0:15:48]} Bd7
{[%clk 0:15:24]} 6. Qb3 {[%clk 0:15:56]} dxc4 {[%clk 0:15:16]} 7. Qxc4
{[%clk 0:15:58]} O-O {[%clk 0:15:23]} 8. e4 {[%clk 0:16:00]} Be6 {[%clk 0:15:17]}
9. d5 {[%clk 0:15:56]} Bc8 {[%clk 0:15:24]} 10. e5 {[%clk 0:14:45]} Nfd7
{[%clk 0:15:29]} 11. Bf4 {[%clk 0:14:26]} Nb6 {[%clk 0:15:34]} 12. Qb3
{[%clk 0:13:57]} c6 {[%clk 0:14:48]} 13. dxc6 {[%clk 0:13:57]} Be6
{[%clk 0:14:09]} 14. Qa3 {[%clk 0:11:12]} Nxc6 {[%clk 0:14:14]} 15. Rd1
{[%clk 0:10:38]} Qc8 {[%clk 0:10:57]} 16. h4 {[%clk 0:07:35]} Nc4
{[%clk 0:09:21]} 17. Bxc4 {[%clk 0:07:03]} Bxc4 {[%clk 0:09:30]} 18. h5
{[%clk 0:05:36]} Qf5 {[%clk 0:09:10]} 19. Rh4 {[%clk 0:04:29]} Rfd8
{[%clk 0:08:34]} 20. Qc5 {[%clk 0:03:16]} Rxd1+ {[%clk 0:08:02]} 21. Kxd1
{[%clk 0:02:51]} Bf1 {[%clk 0:05:50]} 22. hxg6 {[%clk 0:01:56]} hxg6
{[%clk 0:05:34]} 23. Ne1 {[%clk 0:00:47]} Rd8+ {[%clk 0:04:29]} 24. Bd2
{[%clk 0:00:23]} Rxd2+ {[%clk 0:04:05]} 25. Kxd2 {[%clk 0:00:25]} Qg5+
{[%clk 0:04:10]} 26. Rh1 0-1

[Event "Moscow Rapid Chess Cup 2018"]
[Site "?"]
[Date "2018.12.09"]
[Round "10.4"]
[White "Gurvich, Vitaly"]
[Black "Zakhartsov, Vladimir"]
[Result "0-1"]
[BlackElo "2473"]
[WhiteElo "2255"]
[LiveChessVersion "1.4.8"]

1. e4 {[%clk 0:15:19]} c5 {[%clk 0:15:15]} 2. Nf3 {[%clk 0:15:27]} d6
{[%clk 0:15:24]} 3. d4 {[%clk 0:15:35]} Nf6 {[%clk 0:15:34]} 4. Nc3
{[%clk 0:15:44]} cxd4 {[%clk 0:15:43]} 5. Nxd4 {[%clk 0:15:52]} a6
{[%clk 0:15:52]} 6. Nb3 {[%clk 0:16:00]} g6 {[%clk 0:15:52]} 7. Be3
{[%clk 0:16:05]} Bg7 {[%clk 0:15:59]} 8. Be2 {[%clk 0:16:13]} Nc6
{[%clk 0:15:59]} 9. Nd5 {[%clk 0:15:34]} O-O {[%clk 0:14:47]} 10. Bb6
{[%clk 0:14:28]} Qd7 {[%clk 0:14:57]} 11. Nc7 {[%clk 0:14:34]} Rb8
{[%clk 0:14:37]} 12. f3 {[%clk 0:14:17]} e6 {[%clk 0:13:42]} 13. Qd2
{[%clk 0:07:50]} Qe7 {[%clk 0:12:51]} 14. O-O-O {[%clk 0:07:24]} Nd7
{[%clk 0:11:23]} 15. Be3 {[%clk 0:06:51]} Nc5 {[%clk 0:11:26]} 16. Nxc5
{[%clk 0:04:42]} dxc5 {[%clk 0:11:23]} 17. Bf4 {[%clk 0:02:48]} Rd8
{[%clk 0:08:26]} 18. Qe3 {[%clk 0:01:46]} Rxd1+ {[%clk 0:04:53]} 19. Rxd1
{[%clk 0:01:48]} Ne5 {[%clk 0:04:46]} 20. Bg5 {[%clk 0:00:11]} f6
{[%clk 0:04:23]} 21. Bh4 {[%clk 0:00:11]} Qxc7 {[%clk 0:04:27]} 22. f4
{[%clk 0:00:18]} Nf7 {[%clk 0:04:14]} 23. Bg3 {[%clk 0:00:15]} Bh6
{[%clk 0:03:33]} 24. Kb1 {[%clk 0:00:13]} Bd7 {[%clk 0:03:33]} 25. Qf2
{[%clk 0:00:11]} Bg7 {[%clk 0:03:04]} 26. Bc4 {[%clk 0:00:17]} Re8
{[%clk 0:02:46]} 27. f5 {[%clk 0:00:22]} Qc8 {[%clk 0:02:52]} 28. a3
{[%clk 0:00:13]} b5 {[%clk 0:02:59]} 29. Bxe6 {[%clk 0:00:14]} Bxe6
{[%clk 0:03:06]} 30. fxe6 {[%clk 0:00:23]} Qxe6 {[%clk 0:02:56]} 31. Qxc5
{[%clk 0:00:30]} Rc8 {[%clk 0:02:33]} 32. Qd4 {[%clk 0:00:22]} Rd8
{[%clk 0:02:13]} 33. Qxd8+ {[%clk 0:00:25]} Nxd8 {[%clk 0:02:21]} 34. Rxd8+
{[%clk 0:00:33]} Kf7 {[%clk 0:02:23]} 35. Rd6 {[%clk 0:00:25]} Qc8
{[%clk 0:02:28]} 36. Rb6 {[%clk 0:00:19]} Bf8 {[%clk 0:02:28]} 37. e5
{[%clk 0:00:17]} fxe5 {[%clk 0:02:26]} 38. Bxe5 {[%clk 0:00:26]} Be7
{[%clk 0:02:22]} 39. Rb8 {[%clk 0:00:11]} Qc5 {[%clk 0:02:16]} 40. Bg3
{[%clk 0:00:20]} Qg1+ {[%clk 0:02:21]} 41. Ka2 {[%clk 0:00:29]} Qxg2
{[%clk 0:02:26]} 42. c3 {[%clk 0:00:38]} Bd6 {[%clk 0:02:15]} 43. Bxd6
{[%clk 0:00:34]} Qd5+ {[%clk 0:02:24]} 44. Ka1 {[%clk 0:00:44]} Qxd6
{[%clk 0:02:29]} 45. Rb7+ {[%clk 0:00:53]} Kg8 {[%clk 0:02:34]} 0-1